The journalism and press act (Record no. 398203)

000 -LEADER
fixed length control field 00298cam a22001097a 4500
008 - FIXED-LENGTH DATA ELEMENTS--GENERAL INFORMATION
fixed length control field 180718b1950 xxu||||| |||| 00| 0 eng d
082 ## - DEWEY DECIMAL CLASSIFICATION NUMBER
Classification number I54803x54 H995
245 ## - TITLE STATEMENT
Title The journalism and press act
260 ## - PUBLICATION, DISTRIBUTION, ETC.
Place of publication, distribution, etc. Hyderabad
Name of publisher, distributor, etc. Hyderabad govt. press
Date of publication, distribution, etc. 1950
300 ## - PHYSICAL DESCRIPTION
Extent 28+p
440 ## - SERIES STATEMENT/ADDED ENTRY--TITLE
Title No. 12 of 1357 fasli
Holdings
Withdrawn status Lost status Damaged status Not for loan Permanent Location Current Location Date acquired Full call number Barcode Date last seen Price effective from Koha item type
        Indian Institute of Public Administration Indian Institute of Public Administration 2001-08-03 I54803x54 H995 25729 2018-07-21 2018-07-21 Book

Powered by Koha